Personnage Super Smash Bros. (N64) - Statistiques

Statistiques générales
  • Ce quiz a été pris 23 fois
  • Le résultat moyen est 10 sur 12
Statistiques - réponses
Réponse % Correct
Mario
100%
Donkey Kong
95%
Luigi
95%
Pikachu
95%
Kirby
89%
Yoshi
89%
Fox
84%
Link
84%
Rondoudou
84%
Captain Falcon
79%
Samus
74%
Ness
68%
Aucun quiz correspondant
Distribution des résultats
% des personnes avec chaque résultat
Percentile par nombre de réponses
Votre historique - résultats
Vous n’avez pas pris ce quiz